LEADER 01160nam a2200265 i 4500 001 000000157058 003 CaOOAMICUS 005 20230320163528.0 008 080110s1976 it u000 u ita u 013 $a134413 040 $aSeMil$bita 100 1 $aMerati, Augusto.$0(OLS)http://semarc/name/22942 245 10$aMonumenti neoclassici a Monza e nella Brianza /$cAugusto Merati ; a cura del Lions Club di Monza. 250 $a2. Ed. ampliata. 260 $a[S.l. :$bs.n.],$cstampa 1976$e(Monza :$fTipografia Sociale,$gstampa 1976) 300 $aXV, 251 p. :$briccamente ill. ;$c31 cm. 650 4$aMonza - Monumenti neoclassici.$0(OLS)http://semarc/subject/30742 650 4$aBrianza - Monumenti neoclassici.$0(OLS)http://semarc/subject/30743 700 1 $aLions Club .$0(OLS)http://semarc/name/61347 850 $aSeMil 852 $aSeMil$W1$xVenegono$y1$m5T X 37$j108786$B108786$CSeMilBibl$Z2$F130350 $8I 961 $aOmaggio: Braschi don Francesco 996 $6245$aMonumenti neoclassici a Monza e nella Brianza$9(OLS)http://semarc/title/230314 996 $6260$a[S.l. :$bs.n.]$9(OLS)http://semarc/publisher/29751 LEADER 00438nab a2200145 i 4500 001 000000289424 003 CaOOAMICUS 005 20180831165427.0 008 180831n xx uu u0 0und r 013 $a44102 040 $aSeMil$bita 245 10$a[vedi periodico]. 500 $a2015. 773 0 $tArtiste nel Chiostro.$dFirenze : Nerbini, 2015 (stampa 2016)$z978-88-6434-120-0$w()250407 996 $6245$a[vedi periodico]$9(OLS)http://semarc/title/309439